000 00901nam a22002537a 4500
001 6737
003 FISKH
005 20250523115607.0
008 250523b cb ||||| |||| 00| 0 eng d
020 _a9782070515172
040 _aFISKH
_bFrench
_cFISKH
_dFISKH
050 _aPZ7.D1515 C
082 _a823.914
100 _aDahl, Roald
245 _aCharlie et le grand ascenseur de verre /
_cBy Roald Dahl
260 _aParis :
_bGallimard Jeunesse ,
_c1949
300 _a196 pages :
_billustrations ;
_c18 cm .
490 _aCharlie and the Chocolate Factory
520 _aTaking up where Charlie and the Chocolate Factory leaves off, Charlie, his family, and Mr. Wonka find themselves launched into space in the great glass elevator.
650 _aCharlie and the Chocolate Factory
_vChildren's fiction
700 _aBlake, Quentin
_eIllustrator
942 _2ddc
_cBK
_n0
999 _c6737
_d6737